000
00405nam a2200145Ia 4500
008
100122s9999 xx 000 0 und d
082
_b
31680
_a
822
100
_a
बोरकर कमलाकर
245
_a
काळसर्प
260
_b
त्रिदल प्रकाशन
_c
1981
300
_a
67
630
_a
काळसर्प
730
_a
काळसर्प
942
_c
BOOK
999
_c
416204
_d
416201